00269nam a2200109Ia 4500008004100000100001700041245002500058250000800083260004200091300000800133650001800141191201s2005 xx 000 0 und d aGOEL, Rachna 0aInfluential Speeches a1st aN.DelhibBlack Rose Publicationc2005 a256 aGeneral Books